Informačný systém pre správu cestných meteorologických staníc a senzorov

Na minha lista:
Detalhes bibliográficos
Autor principal: Agh, Filip (Author)
Outros Autores: Čičák, Pavel (Thesis advisor)
Formato: Manuscrito Livro
Idioma:eslovaco
Publicado em: 2023
Assuntos:
Acesso em linha:http://is.stuba.sk/zp/portal_zp.pl?podrobnosti=169770
Tags: Adicionar Tag
Sem tags, seja o primeiro a adicionar uma tag!

MARC

LEADER 00000ntm a22000003a 4500
001 stuzp94814
003 SK-STU
005 20230909223205.7
007 ta
008 150427s2015----xo-----f-mn---000-0-slo-d
040 |a STU  |b slo 
041 0 |a slo 
100 1 |a Agh, Filip  |u 070400  |4 aut  |U FIIT Fakulta informatiky a informačných technológií  |T FIIT Ústav počítačového inžinierstva a aplikovanej informatiky  |X 85753  |U I400  |Y 672  |7 85753 
242 0 1 |a Information system for the management of road meteorological stations and sensors  |y eng 
245 1 0 |a Informačný systém pre správu cestných meteorologických staníc a senzorov 
260 |c 2023 
650 4 |a detekcia chýb  |2 slo 
650 4 |a cmms  |2 slo 
650 4 |a automatizácia  |2 slo 
650 4 |a cmms  |2 eng 
650 4 |a automatization  |2 eng 
650 4 |a error detection  |2 eng 
700 1 |a Čičák, Pavel  |u 070400  |k Z1  |4 ths  |U FIIT Fakulta informatiky a informačných technológií  |T FIIT Ústav počítačového inžinierstva a aplikovanej informatiky  |X 1926  |U I400  |Y 672  |7 1926 
856 4 |u http://is.stuba.sk/zp/portal_zp.pl?podrobnosti=169770